Los orilleros. El paraíso de los creyentes
“Los orilleros; El paraíso de los creyentes” se basan, el primero en la emulación y el segundo en el lucro. La incursión de Jorge Luis Borges y Adolfo Bioy Casares en el mundo cinematográfico forma la mejor combinación en la temática policial en idioma español.
Guardado en:
| Autor principal: | |
|---|---|
| Formato: | Libro |
| Lenguaje: | Undetermined |
| Publicado: |
Buenos Aires, Argentina
Editorial Losada
1997
|
| Materias: | |
| Etiquetas: |
Agregar Etiqueta
Sin Etiquetas, Sea el primero en etiquetar este registro!
|
MARC
| LEADER | 00000nam a2200000Ia 4500 | ||
|---|---|---|---|
| 008 | 170316s9999 xx 000 0 und d | ||
| 040 | |a cru BVZT | ||
| 090 | |a 860 B-32or | ||
| 100 | |a Borges, Jorge Luis |9 1174 | ||
| 245 | |a Los orilleros. El paraíso de los creyentes |c / Jorge Luis Borges ; Adolfo Bioy Casares | ||
| 260 | |a Buenos Aires, Argentina |b Editorial Losada |c 1997 | ||
| 300 | |a 137 páginas | ||
| 520 | |a “Los orilleros; El paraíso de los creyentes” se basan, el primero en la emulación y el segundo en el lucro. La incursión de Jorge Luis Borges y Adolfo Bioy Casares en el mundo cinematográfico forma la mejor combinación en la temática policial en idioma español. | ||
| 650 | |a LITERATURA LATINOAMERICANA |9 15 | ||
| 650 | |a COMEDIAS |9 1270 | ||
| 650 | |a LOS ORILLEROS |9 1271 | ||
| 650 | |a EL PARAISO DE LOS CREYENTES |9 1272 | ||
| 999 | |c 8448 |d 8448 | ||
| 942 | |c 15 D |h 860 B-32or |2 z | ||
